000 01136nam a2200217 a 4500
001 000372344
003 AM-YeHGA
005 20250617131925.0
008 041022s1989 ||| r 000 0 rus d
040 _aAM-YeHGA
041 0 _arus
245 0 0 _aМетоды изучения свойств полимерных материалов и изделий в условиях холодного климата :
_bСб. науч. тр. /
_cАН СССР. Сиб. отд-ние. Ин-т физ.-техн. пробл. Севера; Редкол.: И.Н. Черский (отв. ред.) и др.
260 _aЯкутск :
_bЯкут. науч. центр СО АН СССР,
_c1989.
300 _a119,6 с.
_bил.
504 _aБиблиогр. в конце ст.
650 1 4 _aПолимеры
_xМорозоустойчивость
_vСборник
700 1 _aЧерский, Игорь Николаевич
_eред.
_4edt
710 2 _aАкадемия наук СССР
_bСибирское отделение
710 2 _aИнститут физико-технических проблем Севера
090 _c143676
999 _c142296
_d142296